El aborto. En preguntas y respuestas En preguntas y respuestas

Bibliographic Details
Main Author: Scala, Jorge
Format: eBook
Language:Spanish
Published: San Jos ̌(Costa Rica) : Ediciones Promesa Cultural, 2005
Subjects:
Online Access:http://www.vlex.com/source/6885

MARC

LEADER 00000nam a22000007a 4500
005 20130118130055.0
007 cr|||| ||||
008 130118e2005 cr |||||s|||| 00||0 spa d
020 |a 9968–41–007–1 
035 |a 6885 
040 |a vLex 
090 |c 3548  |d 3548 
100 1 0 |a Scala, Jorge 
245 1 3 |a El aborto. En preguntas y respuestas  |b En preguntas y respuestas  |h [Recursos electrn̤icos] 
256 |a Servicio en ln̕ea 
260 |a San Jos ̌(Costa Rica) :  |b Ediciones Promesa Cultural,   |c 2005 
300 |a 1 Recurso electrn̤ico 
650 0 4 |a Aborto 
740 |a vLex Libros (Servicio en ln̕ea) 
856 |a Acceso restringido  |u http://www.vlex.com/source/6885 
942 |c BOOK 
999 0 |a Abortion